| 000 | 00523nam a2200181 a 4500 | ||
|---|---|---|---|
| 001 | 2772 | ||
| 003 | CDMR | ||
| 005 | 20130417121218.0 | ||
| 008 | 130130s1971||||||||||||||||||||||||||||d | ||
| 040 |
_aCDMR _bcat _cCDMR |
||
| 100 | 1 |
_aRomero Rubio, Andrés _9338 |
|
| 245 | 1 | 0 |
_aMedios de comunicación y sociedad _cAndres Romero |
| 260 |
_aMadrid _c1971 _bGraf. Ferreira |
||
| 300 |
_a162 p ; _c18 cm |
||
| 490 | 0 |
_aVeritas et Libertas _v1 |
|
| 650 | 0 | 4 |
_92757 _aMitjans de comunicació de massa _xAspectes socials |
| 942 |
_cMON _2udc |
||
| 999 |
_c2772 _d2772 |
||